000 00742nam a2200229 i 4500
001 C2-0231771
003 PPAK
005 20180728084937.0
008 001130s1953 si a|||| ||||| | may d
040 _aPPAK
_beng
_cPPAK
_erda
082 0 4 _a398.2
_223
090 0 0 _a398.2
_bAHM
_dKSI
100 0 _aAhmad Murad bin Nasiruddin,
_eauthor
245 1 0 _aHikayat Sang Kancil
264 1 _aSingapura :
_bMalaya Publishing House ,
_c1953
300 _a66 pages :
_billustrations ;
_c20 cm
336 _2rdacontent
_atext
337 _2rdamedia
_aunmediated
338 _2rdacarrier
_avolume
500 _aIa-itu mengandungi dua poloh cherita-cherita Kanchil karangan daeng Abdul Hamid yang di-petek daripada Hikayat Pelandok
942 _ddc
_cB
999 _c151131
_d151131